[Event "escc2023_50"]
[Site "?"]
[Date "2023.06.03"]
[Round "9.25"]
[White "Cardili, Mariano"]
[Black "Giudici, Alberto"]
[Result "1-0"]
[BlackElo "1843"]
[WhiteElo "2038"]
[LiveChessVersion "1.4.8"]

1. d4 {[%clk 1:30:54]} Nf6 {[%clk 1:30:41]} 2. c4 {[%clk 1:31:18]} g6
{[%clk 1:31:06]} 3. Nc3 {[%clk 1:31:43]} d5 {[%clk 1:31:31]} 4. Nf3
{[%clk 1:32:03]} Bg7 {[%clk 1:31:54]} 5. Qb3 {[%clk 1:32:23]} dxc4
{[%clk 1:29:38]} 6. Qxc4 {[%clk 1:32:43]} O-O {[%clk 1:25:00]} 7. e4
{[%clk 1:33:02]} b6 {[%clk 1:23:54]} 8. e5 {[%clk 1:19:48]} Ng4 {[%clk 1:00:44]}
9. Bf4 {[%clk 1:06:57]} c6 {[%clk 0:48:56]} 10. Qb3 {[%clk 1:05:51]} a5
{[%clk 0:39:34]} 11. Rd1 {[%clk 1:03:33]} Na6 {[%clk 0:27:13]} 12. a4
{[%clk 0:49:15]} Be6 {[%clk 0:25:44]} 13. Bc4 {[%clk 0:47:13]} Bxc4
{[%clk 0:24:45]} 14. Qxc4 {[%clk 0:47:30]} Nb4 {[%clk 0:24:29]} 15. O-O
{[%clk 0:46:46]} Nd5 {[%clk 0:22:42]} 16. Nxd5 {[%clk 0:44:48]} Qxd5
{[%clk 0:22:44]} 17. Qc1 f6 {[%clk 0:17:44]} 18. h3 {[%clk 0:35:27]} fxe5
{[%clk 0:17:29]} 19. dxe5 {[%clk 0:35:33]} Qe4 {[%clk 0:17:37]} 20. Rd4
{[%clk 0:34:20]} Qf5 {[%clk 0:09:50]} 21. hxg4 {[%clk 0:33:06]} Qxg4
{[%clk 0:10:15]} 22. Bh6 {[%clk 0:28:04]} Qe6 {[%clk 0:04:06]} 23. Bxg7
{[%clk 0:26:55]} Kxg7 {[%clk 0:04:05]} 24. Rfd1 {[%clk 0:21:54]} c5
{[%clk 0:03:04]} 25. Rf4 {[%clk 0:19:48]} Qb3 {[%clk 0:01:53]} 26. Rd7
{[%clk 0:17:18]} Qe6 {[%clk 0:01:34]} 27. Rxf8 {[%clk 0:17:11]} Rxf8
{[%clk 0:01:58]} 28. Qd2 {[%clk 0:17:15]} h6 {[%clk 0:02:08]} 29. Qd6
{[%clk 0:14:27]} 1-0

[Event "escc2023_50"]
[Site "?"]
[Date "2023.06.03"]
[Round "9.26"]
[White "Balzer, Lars"]
[Black "Hartmann, Wolfgang"]
[Result "1/2-1/2"]
[BlackElo "1944"]
[WhiteElo "2018"]
[LiveChessVersion "1.4.8"]

1. e4 {[%clk 1:30:58]} c5 {[%clk 1:30:55]} 2. Nc3 {[%clk 1:31:11]} Nc6
{[%clk 1:31:20]} 3. g3 {[%clk 1:31:34]} g6 {[%clk 1:31:45]} 4. Bg2
{[%clk 1:31:58]} Bg7 {[%clk 1:32:10]} 5. d3 {[%clk 1:32:23]} d6 {[%clk 1:32:26]}
6. Be3 {[%clk 1:32:42]} e5 {[%clk 1:32:50]} 7. Qd2 {[%clk 1:32:52]} Nge7
{[%clk 1:33:01]} 8. Bh6 {[%clk 1:33:06]} Bxh6 {[%clk 1:33:23]} 9. Qxh6
{[%clk 1:33:35]} Nd4 {[%clk 1:33:43]} 10. Qd2 {[%clk 1:32:53]} Be6
{[%clk 1:32:55]} 11. Nd5 {[%clk 1:29:05]} Nxd5 {[%clk 1:24:44]} 12. exd5
{[%clk 1:29:26]} Bd7 {[%clk 1:25:00]} 13. c3 {[%clk 1:29:11]} Nf5
{[%clk 1:22:17]} 14. Ne2 {[%clk 1:26:34]} Rb8 {[%clk 1:12:48]} 15. O-O
{[%clk 1:23:59]} O-O {[%clk 1:12:17]} 16. f4 {[%clk 1:19:29]} f6 {[%clk 1:11:43]}
17. Kh1 {[%clk 1:14:57]} b5 {[%clk 1:06:34]} 18. a3 {[%clk 1:07:47]} a5
{[%clk 1:02:02]} 19. fxe5 {[%clk 1:04:34]} fxe5 {[%clk 1:02:04]} 20. Be4
{[%clk 1:00:00]} Ng7 {[%clk 0:51:07]} 21. Ng1 {[%clk 0:54:42]} Rxf1
{[%clk 0:48:50]} 22. Rxf1 {[%clk 0:55:10]} Qe7 {[%clk 0:48:58]} 23. Kg2
{[%clk 0:47:13]} Rf8 {[%clk 0:43:54]} 24. Rxf8+ {[%clk 0:44:09]} 1/2-1/2

[Event "escc2023_50"]
[Site "?"]
[Date "2023.06.03"]
[Round "9.27"]
[White "Cazzaniga, Walter"]
[Black "Verdier, Patrice"]
[Result "1-0"]
[BlackElo "2014"]
[WhiteElo "1970"]
[LiveChessVersion "1.4.8"]

1. d4 {[%clk 1:30:55]} Nf6 {[%clk 1:30:52]} 2. c4 {[%clk 1:31:13]} c5
{[%clk 1:31:16]} 3. d5 {[%clk 1:31:32]} b5 {[%clk 1:31:32]} 4. cxb5
{[%clk 1:31:58]} a6 {[%clk 1:31:57]} 5. bxa6 {[%clk 1:32:09]} g6 {[%clk 1:32:23]}
6. Nc3 {[%clk 1:32:25]} Bg7 {[%clk 1:32:46]} 7. Nf3 {[%clk 1:32:43]} O-O
{[%clk 1:33:04]} 8. g3 {[%clk 1:33:05]} d6 {[%clk 1:33:13]} 9. Bg2
{[%clk 1:33:18]} Nbd7 {[%clk 1:33:37]} 10. O-O {[%clk 1:33:32]} Nb6
{[%clk 1:33:55]} 11. Nd2 {[%clk 1:22:36]} Bxa6 {[%clk 1:34:01]} 12. Qc2
{[%clk 1:23:01]} Nfd7 {[%clk 1:27:32]} 13. Rb1 {[%clk 1:21:24]} c4
{[%clk 1:13:16]} 14. Rd1 {[%clk 1:17:36]} h6 {[%clk 1:05:35]} 15. Nf3
{[%clk 1:17:14]} Bb7 {[%clk 0:57:46]} 16. Nd4 {[%clk 1:16:50]} Re8
{[%clk 0:56:48]} 17. Be3 {[%clk 1:12:16]} Ne5 {[%clk 0:46:39]} 18. h3
{[%clk 1:10:48]} Ra6 {[%clk 0:42:02]} 19. Qd2 {[%clk 1:06:55]} Kh7
{[%clk 0:41:10]} 20. f4 {[%clk 1:07:02]} Ned7 {[%clk 0:40:37]} 21. Qc2
{[%clk 1:01:20]} Qa8 {[%clk 0:38:52]} 22. Ndb5 {[%clk 0:53:14]} Rc8
{[%clk 0:38:16]} 23. f5 {[%clk 0:53:12]} Nf6 {[%clk 0:32:58]} 24. fxg6+
{[%clk 0:53:25]} fxg6 {[%clk 0:33:23]} 25. Qd2 {[%clk 0:43:10]} Ne8
{[%clk 0:25:14]} 26. Bd4 {[%clk 0:39:17]} Nf6 {[%clk 0:15:48]} 27. e4
{[%clk 0:39:03]} Nbd7 {[%clk 0:16:13]} 28. Qe3 {[%clk 0:36:04]} Qb8
{[%clk 0:14:05]} 29. Rd2 {[%clk 0:35:57]} Re8 {[%clk 0:13:10]} 30. Qe2
{[%clk 0:32:53]} Rc8 {[%clk 0:12:17]} 31. h4 {[%clk 0:28:20]} h5 {[%clk 0:10:59]}
32. Bh3 {[%clk 0:28:46]} Rf8 {[%clk 0:08:28]} 33. Rf1 {[%clk 0:28:16]} Bc8
{[%clk 0:08:11]} 34. Be6 {[%clk 0:25:33]} Ne5 {[%clk 0:05:49]} 35. Bxe5
{[%clk 0:25:18]} dxe5 {[%clk 0:06:08]} 36. Qxc4 {[%clk 0:25:11]} Bxe6
{[%clk 0:05:46]} 37. dxe6 {[%clk 0:25:37]} Qb6+ {[%clk 0:03:02]} 38. Kh1
{[%clk 0:25:22]} Nxe4 {[%clk 0:02:32]} 39. Nxe4 {[%clk 0:25:34]} Rxf1+
{[%clk 0:02:57]} 40. Qxf1 {[%clk 0:25:50]} Qc6 {[%clk 0:02:38]} 41. Nbc3
{[%clk 0:26:02]} Ra4 {[%clk 0:02:01]} 42. Qg2 Ra7 {[%clk 0:26:17]} 1-0

[Event "escc2023_50"]
[Site "?"]
[Date "2023.06.03"]
[Round "9.28"]
[White "Zaninotto, Franco"]
[Black "Genovese, Alberto"]
[Result "1-0"]
[BlackElo "1921"]
[WhiteElo "1999"]
[LiveChessVersion "1.4.8"]

1. e4 {[%clk 1:27:43]} e6 {[%clk 1:30:53]} 2. d4 {[%clk 1:28:09]} d5
{[%clk 1:31:17]} 3. Nd2 {[%clk 1:28:01]} Be7 {[%clk 1:31:34]} 4. Ngf3
{[%clk 1:28:20]} Nf6 {[%clk 1:31:48]} 5. Bd3 {[%clk 1:28:25]} c5 {[%clk 1:32:13]}
6. e5 {[%clk 1:28:50]} Nfd7 {[%clk 1:32:34]} 7. c3 {[%clk 1:29:15]} b6
{[%clk 1:32:50]} 8. O-O {[%clk 1:29:27]} Ba6 {[%clk 1:32:50]} 9. Ne1
{[%clk 1:29:52]} Bxd3 {[%clk 1:27:38]} 10. Nxd3 {[%clk 1:30:16]} Nc6
{[%clk 1:23:25]} 11. Qg4 {[%clk 1:30:32]} g5 {[%clk 1:15:41]} 12. Qh5
{[%clk 1:07:59]} cxd4 {[%clk 1:11:21]} 13. Nf3 {[%clk 1:03:36]} dxc3
{[%clk 1:03:03]} 14. Nxg5 {[%clk 1:01:43]} Ndxe5 {[%clk 0:41:17]} 15. Nxe5
{[%clk 0:58:07]} Nxe5 {[%clk 0:41:43]} 16. Nxe6 {[%clk 0:56:11]} Qd6
{[%clk 0:42:04]} 17. Ng7+ {[%clk 0:54:54]} Kd8 {[%clk 0:35:27]} 18. Bf4
{[%clk 0:51:12]} cxb2 {[%clk 0:31:22]} 19. Rad1 {[%clk 0:44:54]} Bf6
{[%clk 0:24:29]} 20. Rfe1 {[%clk 0:36:08]} Bxg7 {[%clk 0:12:13]} 21. Bxe5
{[%clk 0:35:49]} Bxe5 {[%clk 0:07:24]} 22. Rxe5 {[%clk 0:36:06]} Qg6
{[%clk 0:06:22]} 23. Rexd5+ {[%clk 0:35:16]} Ke8 {[%clk 0:05:17]} 24. Qe5+
{[%clk 0:35:29]} Qe6 {[%clk 0:04:53]} 25. Qxh8+ {[%clk 0:35:49]} Ke7
{[%clk 0:05:17]} 1-0